00437nam a2200145Ia 4500008004100000041000900041082001800050100002500068245003300093260003700126300000800163650000800171999001700179952009500196230718s9999 xx 000 0 und d aEng. a346247bMEN-N aMenelelsolrn, Martin 0aNegotiable and International aPakistanbSweet and Moudlec2002 a266 aLaw c28219d28219 00104070aSIRC-LbSIRC-Ld2023-07-18l0o346247 MEN-Np23171r2023-07-18w2023-07-18yBK